Bienvenue à la E-Bibliothèque de l’UEH

Bénéficiez l'accès à des milliers de ressources en ligne

Gabriel, une église médiévale d’Éthiopie : (notice nᵒ 3247)

détails MARC
000 -LEADER
fixed length control field 02398 a2200361 4500
001 - CONTROL NUMBER
control field OB-cfee-856
003 - CONTROL NUMBER IDENTIFIER
control field FrMaCLE
005 - DATE AND TIME OF LATEST TRANSACTION
control field 20251214082602.0
007 - PHYSICAL DESCRIPTION FIXED FIELD--GENERAL INFORMATION
fixed length control field cu ||||||m||||
008 - FIXED-LENGTH DATA ELEMENTS--GENERAL INFORMATION
fixed length control field 170607e||||||||xx |||||s|||||||||0|fr|d
020 ## - INTERNATIONAL STANDARD BOOK NUMBER
International Standard Book Number 978-2-8218-8261-4
024 7# - OTHER STANDARD IDENTIFIER
Standard number or code 10.4000/books.cfee.856
Source of number or code doi
040 ## - CATALOGING SOURCE
Original cataloging agency FR-FrMaCLE
041 ## - LANGUAGE CODE
Language code of text/sound track or separate title fra
100 1# - MAIN ENTRY--PERSONAL NAME
Personal name Derat, Marie-Laure
245 10 - TITLE STATEMENT
Title Gabriel, une église médiévale d’Éthiopie :
Remainder of title Interprétations historiques et archéologiques de sites chrétiens autour de Mesḥāla Māryām (Manz, Éthiopie), XVe-XVIIe siècles /
Statement of responsibility, etc. Marie-Laure Derat, Anne-Marie Jouquand.
260 ## - PUBLICATION, DISTRIBUTION, ETC.
Place of publication, distribution, etc. Addis-Abeba :
Name of publisher, distributor, etc. Centre français des études éthiopiennes,
Date of publication, distribution, etc. 2017.
300 ## - PHYSICAL DESCRIPTION
Extent 413 p.
500 ## - GENERAL NOTE
General note Ebook
520 ## - SUMMARY, ETC.
Summary, etc. Une question est à l'origine de cet ouvrage : comment le camp royal éthiopien s'organisait-il à la période médiévale ? Pour tenter d'y répondre, un site fut choisi, Meshala Maryam dans le Manz (Sawa), où une église royale avait été fondée par un souverain éthiopien dans la seconde moitié du XVe siècle. De nombreuses traces au sol aux alentours de l'enceinte de l'église laissaient penser que se trouvaient-là les vestiges du camp royal. Plusieurs campagnes de fouilles ont eu lieu à Meshala Maryam entre 1998 et 2001. Elles ont été étendues à un autre site, l'église de Gabriel, qui s'est avéré beaucoup plus riche en informations que le présumé camp royal. Cet ouvrage rend compte à la fois de l'impossibilité de trouver le camp royal à Meshala Maryam malgré tous les efforts entrepris, mais aussi de la découverte de l'église de Gabriel, petit bâtiment ayant abrité de nombreuses sépultures privilégiées et un mobilier de grande valeur. Par le croisement des sources archéologiques, des sources orales et des textes anciens c'est l'histoire de ces deux sites et leur construction mémorielle qui prend corps.
540 ## - TERMS GOVERNING USE AND REPRODUCTION NOTE
Terms governing use and reproduction OpenEdition Books License
Uniform Resource Identifier <a href="https://www.openedition.org/12554">https://www.openedition.org/12554</a>
650 #4 - SUBJECT ADDED ENTRY--TOPICAL TERM
Topical term or geographic name entry element Architecture
Topical term or geographic name entry element Archaeology
Topical term or geographic name entry element Éthiopie
Topical term or geographic name entry element christianisme
Topical term or geographic name entry element Moyen Âge
Topical term or geographic name entry element camp royal
Topical term or geographic name entry element histoire
Topical term or geographic name entry element archéologie
700 1# - ADDED ENTRY--PERSONAL NAME
Personal name Jouquand, Anne-Marie
776 ## - ADDITIONAL PHYSICAL FORM ENTRY
International Standard Book Number 978-2-7018-0324-1
856 4# - ELECTRONIC LOCATION AND ACCESS
Data provenance Derat, Marie-Laure
Uniform Resource Identifier <a href="https://books.openedition.org/cfee/856">https://books.openedition.org/cfee/856</a>
Link text Gabriel, une église médiévale d’Éthiopie

Pas d'exemplaire disponible.

Bibliothèque universitaire de l'UEH
Portail centralisé donnant accès au catalogue, aux ressources numériques et aux productions scientifiques de l’Université d’État d’Haïti.

Plateformes institutionnelles

  • Dépôt institutionnel UEH
  • Revues scientifiques UEH
  • GED institutionnelle
  • UEH enseignement à distance

Contact

  • Adresse : 21 Rue Rivière, Port-au-Prince
  • Email : bibliotheque@ueh.edu.ht
  • Téléphone : +509 22-45-68-43 / 22-45-68-44
  • Heures : Lundi–Vendredi 8h–16h
© 2026 UEH – E-Bibliothèque de l’Université d’État d’Haïti | À propos | Confidentialité | Conditions | Mentions légales | Accessibilité | Plan du site | Contact